|
|
|
|
| LEADER |
00000cam a2200000 a 4500 |
| 001 |
57234 |
| 003 |
CZ-ZlUTB |
| 005 |
20240829143233.0 |
| 007 |
ta |
| 008 |
100729s2010 xr d f 001 0 cze d |
| 020 |
|
|
|a 9788074001956
|q (brož.)
|
| 040 |
|
|
|a ULG001
|b cze
|d ZLD002
|
| 072 |
|
7 |
|a 330.5+338
|x Národní hospodářství a hospodářská politika
|2 Konspekt
|9 4
|
| 080 |
|
|
|a 330.35
|2 MRF
|
| 080 |
|
|
|a 502.131.1
|2 MRF
|
| 080 |
|
|
|a 332.055.2
|2 MRF
|
| 080 |
|
|
|a 316.422
|2 MRF
|
| 080 |
|
|
|a 36
|2 MRF
|
| 080 |
|
|
|a 338.2
|2 MRF
|
| 080 |
|
|
|a 339.926
|2 MRF
|
| 080 |
|
|
|a 341.171(4)
|2 MRF
|
| 080 |
|
|
|a (048.8:082)
|2 MRF
|
| 100 |
1 |
|
|a Jeníček, Vladimír,
|d 1932-
|7 jk01051452
|4 aut
|
| 245 |
1 |
0 |
|a Vyvážený rozvoj :
|b na globální a regionální úrovni /
|c Vladimír Jeníček a kol.
|
| 250 |
|
|
|a Vyd. 1.
|
| 260 |
|
|
|a V Praze :
|b C.H. Beck,
|c 2010
|
| 300 |
|
|
|a xv, 132 s. :
|b il. ;
|c 24 cm
|
| 490 |
1 |
|
|a Beckova edice ekonomie
|
| 504 |
|
|
|a Obsahuje bibliografické odkazy a rejstřík
|
| 650 |
0 |
7 |
|a ekonomický růst
|7 ph114429
|z země Evropské unie
|2 czenas
|
| 650 |
0 |
7 |
|a udržitelný rozvoj
|7 ph126768
|z země Evropské unie
|2 czenas
|
| 650 |
0 |
7 |
|a regionální rozvoj
|7 ph125083
|z země Evropské unie
|2 czenas
|
| 650 |
0 |
7 |
|a globalizace
|7 ph120568
|2 czenas
|
| 650 |
0 |
7 |
|a sociální politika
|7 ph116210
|z země Evropské unie
|2 czenas
|
| 650 |
0 |
7 |
|a hospodářská politika
|7 ph114701
|z země Evropské unie
|2 czenas
|
| 650 |
0 |
7 |
|a politika soudržnosti
|7 ph297034
|z země Evropské unie
|2 czenas
|
| 650 |
0 |
7 |
|a evropské právo
|7 ph121776
|2 czenas
|
| 650 |
0 |
9 |
|a economic development
|2 eczenas
|
| 650 |
0 |
9 |
|a sustainable development
|2 eczenas
|
| 650 |
0 |
9 |
|a regional development
|2 eczenas
|
| 650 |
0 |
9 |
|a globalization
|2 eczenas
|
| 650 |
0 |
9 |
|a social policy
|2 eczenas
|
| 650 |
0 |
9 |
|a economic policy
|2 eczenas
|
| 650 |
0 |
9 |
|a cohesion policy
|2 eczenas
|
| 650 |
0 |
9 |
|a European law
|2 eczenas
|
| 655 |
|
7 |
|a kolektivní monografie
|7 fd501537
|2 czenas
|
| 655 |
|
9 |
|a collective monographs
|2 eczenas
|
| 830 |
|
0 |
|a Beckova edice ekonomie
|
| 910 |
|
|
|a ZLD002
|
| 952 |
|
|
|0 0
|1 0
|4 0
|6 339923JENÍČEKV
|7 0
|8 BOOK
|9 105264
|a UTBZL
|b UTBZL
|c 005
|d 2010-09-09
|l 0
|o 339.923/JENÍČEK,V.
|p 420010134013
|r 2019-08-26 00:00:00
|v 290.00
|w 2019-08-26
|x N: nákup
|y 01
|
| 952 |
|
|
|0 0
|1 0
|4 0
|6 339923JENÍČEKV
|7 0
|8 BOOK
|9 105265
|a UTBZL
|b UTBZL
|c 006
|d 2010-09-09
|l 17
|m 1
|o 339.923/JENÍČEK,V.
|p 420010134014
|r 2022-11-10 00:00:00
|s 2022-11-02
|v 290.00
|w 2019-08-26
|x N: nákup
|y 04
|
| 952 |
|
|
|0 0
|1 0
|4 0
|6 339923JENÍČEKV
|7 0
|8 BOOK
|9 105266
|a UTBZL
|b UTBZL
|c 006
|d 2012-02-20
|l 3
|m 1
|o 339.923/JENÍČEK,V.
|p 420010143450
|r 2023-04-26 00:00:00
|s 2023-03-07
|v 301.00
|w 2019-08-26
|x N:nákup; Převod FMK: Jurášková, Olga, 26.4.2023 | 20100831
|y 04
|
| 952 |
|
|
|0 0
|1 0
|4 0
|6 339923JENÍČEKV
|7 0
|8 BOOK
|9 105267
|a UTBUH
|b UTBUH
|c 028
|d 2017-12-20
|l 1
|o 339.923/JENÍČEK,V.
|p 420010173085
|r 2023-01-03 00:00:00
|s 2022-12-14
|v 320.00
|w 2019-08-26
|x N: nákup
|y 01
|
| 952 |
|
|
|0 0
|1 0
|2 udc
|4 0
|6 339923JENÍČEKV
|7 0
|8 BOOK
|9 105268
|a UTBUH
|b UTBUH
|c 028
|d 2017-12-11
|l 2
|o 339.923/JENÍČEK,V.
|p 420010172808
|r 2026-02-16 09:26:13
|s 2026-02-02
|v 310.00
|w 2019-08-26
|x N:nákup;převod FLKŘ: Eva Lukášková, 28.11.2023 | 20100831
|y 04
|
| 992 |
|
|
|a BK
|b SK
|d 17
|
| 998 |
|
|
|a 004294456
|
| 999 |
|
|
|c 57234
|d 57234
|